Sociálne bývanie v podmienkach SR
Opodstatnenosť sociálneho bývania a jeho zastúpenie v podmienkach SR. Limitujúce faktory rozmachu sociálneho bývania. Nástroje riešenia bytovej otázky obyvateľov. Motivácia a vôľa meniť nastavené podmienky a zavádať nové opatrenia na podporu sociálneho bývania.
Gespeichert in:
| 1. Verfasser: | |
|---|---|
| Format: | Buchkapitel |
| Sprache: | Slowakisch |
| Schlagworte: | |
| Tags: |
Keine Tags, Fügen Sie das erste Tag hinzu!
|
MARC
| LEADER | 00000naa$a2200000$$$4500 | ||
|---|---|---|---|
| 001 | 0226758 | ||
| 005 | 20240502103724.6 | ||
| 041 | 0 | |a slo | |
| 044 | |a CZ | ||
| 245 | 1 | 0 | |a Sociálne bývanie v podmienkach SR |c Silvia Šipikalová |
| 520 | |a Opodstatnenosť sociálneho bývania a jeho zastúpenie v podmienkach SR. Limitujúce faktory rozmachu sociálneho bývania. Nástroje riešenia bytovej otázky obyvateľov. Motivácia a vôľa meniť nastavené podmienky a zavádať nové opatrenia na podporu sociálneho bývania. | ||
| 610 | 2 | 0 | |a byty sociálne |
| 610 | 2 | 0 | |a bývanie |
| 610 | 2 | 0 | |a situácia sociálna |
| 610 | 2 | 0 | |a výstavba bytová |
| 610 | 2 | 0 | |a politika bytová |
| 610 | 2 | 0 | |a politika sociálna |
| 610 | 2 | 0 | |a podpora štátna |
| 610 | 2 | 0 | |a legislatíva |
| 100 | 1 | |a Šipikalová, Silvia, 1979- | |